000 00777nam a22001937a 4500
999 _c172486
_d172486
005 20200206104817.0
010 _aA-842710
020 _c200.00
_a8171210872
035 _aA-842710
037 _bDBAD/PUB
_a-
082 _a846
100 _aمر تبہ:سيد مظفر حسين بر نی
245 _aکليا ت مکا تيب ا قبا ل جلد سو م جنو ر ی 1929ء سے د سمبر 1934ء تک
_cمر تبہ:سيد مظفر حسين بر نی
246 _bKulliyat-e-Makatib -e-Iqbal Vol.3(Jan.1929 to Dec.1934)(Urdu)
_aEdited bySyed Muzafer Hussain Barni
260 _aDelhi
_b Urdu Academy
_c1993 ء
270 _aGhata Masjid Road,Darya Ganj,
_bN.Delhi
_e2
_k-
_l-
300 _a1168 ص
_c22 Cm(Hb)
942 _2ddc
_cUR
_h846
_mا ق ب